Statistics for Number 1 songs in the USA and the UK at the same time (1960-1990s)

Click here to take the quiz!

General Stats

  • This quiz has been taken 103 times
  • The average score is 8 of 12

Answer Stats

ArtistWhenHint*Answer% Correct
Michael JacksonMarch 1983US tennis Queen?Billie Jean
90%
Gloria GaynorMarch 1979n/aI Will Survive
84%
Sonny and CherAugust 1965n/aI Got You Babe
83%
BlondieApril 1980Appelle-moiCall Me
81%
MadonnaApril 1989Similar to an invocation?Like a Prayer
76%
Simon and GarfunkelMarch 1970Golden Gate? Tower?Bridge Over Troubled Water
72%
The MonkeesJanuary 1967God botherer?I'm a Believer
70%
Men at WorkJanuary 1980n/aDown Under
69%
Bee GeesApril 1978Unwell after dark?Night Fever
69%
Puff Daddy and Faith Evans featuring 112June 1997n/aI'll Be Missing You
39%
Boys II MenOctober 1992n/aEnd of the Road
33%
The Everly BrothersJune 1960n/aCathy's Clown
29%

Score Distribution

Percentile by Number Answered

Percent of People with Each Score

Your Score History

You have not taken this quiz